LEADER 02276nas 2200673-a 450 001 996336116003316 005 20240126213016.0 011 $a1449-8944 024 8 $aISSN/SEP2007 035 $a(DE-599)ZDB2082451-8 035 $a(CKB)954927616991 035 $a(CONSER)sn-82007742- 035 $a(EXLCZ)99954927616991 100 $a19821013a19789999 --- a 101 0 $aeng 181 $ctxt$2rdacontent 182 $cc$2rdamedia 183 $acr$2rdacarrier 200 00$aAustralian health review $ea publication of the Australian Hospital Association 210 $a[Sydney, Australia] $cThe Association 215 $a1 online resource 300 $aRefereed/Peer-reviewed 311 08$aPrint version: Australian health review : 0156-5788 (DLC)sn 82007742 (OCoLC)8857179 531 $aAUST HEALTH REV 531 $aAUST. HEALTH REV 531 0 $aAust. health rev. 606 $aPublic health$zAustralia$vPeriodicals 606 $aMedical care$zAustralia$vPeriodicals 606 $aDelivery of Health Care 606 $aMedical care$2fast$3(OCoLC)fst01013753 606 $aPublic health$2fast$3(OCoLC)fst01082238 606 $aSoins médicaux$2rasuqam 606 $aPolitique gouvernementale$2rasuqam 606 $aPolitique de la santé$2rasuqam 606 $aSanté publique$2rasuqam 606 $aService de santé$2rasuqam 607 $aAustralia$2fast$1https://id.oclc.org/worldcat/entity/E39QbtfRv8PPH7gCqhkJ8DK8bM 607 $aAustralie$2rasuqam 608 $aPeriodical. 608 $aPeriodicals.$2fast 608 $aPeriodicals.$2lcgft 608 $aPériodique électronique (Descripteur de forme)$2rasuqam 608 $aRessource Internet (Descripteur de forme)$2rasuqam 615 0$aPublic health 615 0$aMedical care 615 2$aDelivery of Health Care. 615 7$aMedical care. 615 7$aPublic health. 615 17$aSoins médicaux. 615 7$aPolitique gouvernementale. 615 7$aPolitique de la santé 615 7$aSanté publique. 615 17$aService de santé 712 02$aAustralian Hospital Association. 906 $aJOURNAL 912 $a996336116003316 920 $aexl_impl conversion 996 $aAustralian health review$92141634 997 $aUNISA